000 00601nam a2200217Ia 4500
005 20240304134534.0
008 140110s9999 xx 000 0 und d
020 _a9788131207260
_cRs.450.00
040 _aLoreto College
041 _aEnglish
082 _a004.22
_bHEN
100 _aHennessy, John L.
245 _aComputer architecture
_bA quantitative approach
_cJohn L.Hennessy and David A.Patterson
250 _a4th ed
260 _aNoida
_bElsevier
_c2009
300 _axxvii,423p
650 _aComputer architecture
700 _aPatterson, David A.
850 _aLCLIB
942 _cBK
999 _c36136
_d86615